| 000 | 00360 a2200145 4500 | ||
|---|---|---|---|
| 082 | _a332 | ||
| 090 |
_c6586 _d6586 |
||
| 100 | _aSchweser,Kaplan. | ||
| 245 |
_aCFA / 2012 Level 1. _bEconomics. _cKaplan Schweser. |
||
| 250 | _aBook 2. | ||
| 260 |
_aAmerica _bKaplan Schweser. _c2011. |
||
| 300 | _a252p. | ||
| 500 | _aPaper cover | ||
| 942 |
_aNBS _cBK _k332 SCH |
||
| 999 |
_c348944 _d348944 |
||